000 00335nam a2200097Ia 4500
008 220204s9999 xx 000 0 und d
082 _a62(036)
_bGUI;1
245 0 _aGuidelines and format for submission of proposal for support under technology systems development (TSD) programme
260 _aNew Delhi
_bGovernment of India
942 _cBK
999 _c44408
_d44408